[Event "DEM U10 2012"]
[Site "Oberhof GER"]
[Date "2012.05.27"]
[Round "2"]
[White "Schneider, Jana"]
[Black "Fischer, Elias"]
[Result "1-0"]
[Termination "normal"]
[Board "22"]
[WhiteElo "1462"]
[BlackElo "1377"]
[PlyCount "109"]
[WhiteFideId "12924997"]
[BlackFideId "12963305"]
[EventCountry "GER"]
[EventRounds "11"]
[EventType "swiss"]
[EventDate "2012.05.26"]

1. e4 e5 2. Nf3 Nc6 3. Bc4 Bc5 4. c3 Nf6 5. d3 d6 6. Nbd2 O-O 7. Bb3 Bd7 8. O-O
Qe7 9. h3 h6 10. Re1 Be6 11. Bc2 Qd7 12. Nf1 Rfe8 13. Ng3 Bb6 14. Be3 Ne7 15.
d4 c6 16. dxe5 dxe5 17. Nxe5 Qxd1 18. Raxd1 Bxe3 19. Rxe3 Rad8 20. Rxd8 Rxd8
21. Rd3 Rxd3 22. Nxd3 Ng6 23. Nc5 Bc8 24. Nf5 b6 25. Nd6 Bxh3 26. gxh3 bxc5 27.
Bb3 c4 28. Bxc4 Ne5 29. Bb3 Nh5 30. Kf1 Nf4 31. h4 Kf8 32. Bc4 Nxc4 33. Nxc4
Ng6 34. Na5 Nxh4 35. Nxc6 a6 36. Nb4 a5 37. Nd5 Ke8 38. b4 axb4 39. cxb4 Kd7
40. a4 Ng6 41. Kg2 Ne5 42. Kg3 Nc6 43. f4 Kd6 44. Kg4 g6 45. Kf3 Nd4+ 46. Ke3
Nf5+ 47. exf5 Kxd5 48. fxg6 fxg6 49. a5 Kc6 50. a6 Kb6 51. b5 Ka7 52. Kf3 h5
53. Kg3 Kb6 54. Kh4 Ka7 55. f5 1-0

[Event "DEM U10 2012"]
[Site "Oberhof GER"]
[Date "2012.05.27"]
[Round "2"]
[White "Schumacher, Simon"]
[Black "Santos, Leonardo"]
[Result "0-1"]
[Termination "normal"]
[Board "23"]
[WhiteElo "968"]
[BlackElo "1189"]
[PlyCount "122"]
[BlackFideId "12965049"]
[EventCountry "GER"]
[EventRounds "11"]
[EventType "swiss"]
[EventDate "2012.05.26"]

1. e4 c5 2. Nf3 d6 3. c3 Nf6 4. d3 g6 5. Bg5 Bg7 6. Nbd2 Nc6 7. Be2 O-O 8. O-O
Bd7 9. Qc2 Rc8 10. Rac1 b5 11. b3 a5 12. a4 b4 13. c4 h6 14. Be3 Ng4 15. Bf4
Nge5 16. h3 Nxf3+ 17. Nxf3 f5 18. Be3 Kh7 19. Bd2 Ne5 20. Nxe5 Bxe5 21. Bf3
fxe4 22. Bxe4 Bf5 23. Rfe1 Rf7 24. Bd5 e6 25. Be4 Qe7 26. Rcd1 Rcf8 27. Be3
Bxe4 28. dxe4 Bf4 29. Bxf4 Rxf4 30. Rd2 Qg5 31. Rde2 Qe5 32. Qd3 g5 33. f3 h5
34. Rd2 g4 35. Ree2 gxh3 36. gxh3 Rg8+ 37. Rg2 Rff8 38. Rdf2 h4 39. Qe3 Rg3 40.
Rxg3 Qxg3+ 41. Rg2 Qxf3 42. Qg5 Qf1+ 43. Kh2 Qf4+ 44. Qxf4 Rxf4 45. Re2 Rf3 46.
e5 Rd3 47. exd6 Rxd6 48. Rf2 Kg6 49. Rf8 Rd3 50. Rg8+ Kf7 51. Rc8 Rxb3 52. Rxc5
Rb2+ 53. Kg1 Rb1+ 54. Kf2 Rc1 55. Ke2 b3 56. Kd2 b2 57. Rb5 b1=Q 58. Rxb1 Rxb1
59. Kd3 Ke7 60. c5 Kd7 61. Kd4 Kc6 0-1

[Event "DEM U10 2012"]
[Site "Oberhof GER"]
[Date "2012.05.27"]
[Round "2"]
[White "Demme, Miriam"]
[Black "Pfreundt, Mathis"]
[Result "0-1"]
[Termination "normal"]
[Board "24"]
[WhiteElo "1207"]
[BlackElo "1035"]
[PlyCount "70"]
[WhiteFideId "12966703"]
[BlackFideId "12967092"]
[EventCountry "GER"]
[EventRounds "11"]
[EventType "swiss"]
[EventDate "2012.05.26"]

1. e4 c5 2. d4 cxd4 3. c3 dxc3 4. Nxc3 Nc6 5. Bc4 g6 6. Nf3 Bg7 7. Bf4 e6 8.
O-O Nge7 9. Qd6 Qa5 10. Bg5 Bxc3 11. bxc3 Qxc3 12. Rac1 Qa5 13. Bf6 Rg8 14. Ne5
Qd8 15. Nxc6 dxc6 16. Qxd8+ Kxd8 17. Rcd1+ Ke8 18. Rd3 Bd7 19. Rfd1 Rd8 20. f4
b5 21. Bb3 c5 22. R3d2 c4 23. Bc2 h6 24. f5 g5 25. Bc3 Nc6 26. f6 b4 27. Bd4 c3
28. Rd3 Rg6 29. Bc5 Rxf6 30. Ba4 e5 31. Bxb4 Nd4 32. Bxd7+ Rxd7 33. Bxc3 Ne2+
34. Kh1 Rxd3 35. Rxd3 Rf1# 0-1

[Event "DEM U10 2012"]
[Site "Oberhof GER"]
[Date "2012.05.27"]
[Round "2"]
[White "Wastian, Mareike"]
[Black "Flach, Helene"]
[Result "0-1"]
[Termination "normal"]
[Board "25"]
[WhiteElo "1174"]
[BlackElo "974"]
[PlyCount "136"]
[WhiteFideId "12947423"]
[BlackFideId "12929735"]
[EventCountry "GER"]
[EventRounds "11"]
[EventType "swiss"]
[EventDate "2012.05.26"]

1. e4 e5 2. Nf3 Nc6 3. Bb5 a6 4. Ba4 Nf6 5. d3 b5 6. Bb3 Be7 7. O-O O-O 8. a4
Ra7 9. c3 d6 10. Re1 Bg4 11. h3 Bh5 12. Nbd2 h6 13. Nf1 Na5 14. Bc2 Nc6 15. Ng3
Rb7 16. axb5 axb5 17. Be3 Rb8 18. Nf5 Qd7 19. Nxe7+ Nxe7 20. d4 Ra8 21. dxe5
dxe5 22. Qxd7 Nxd7 23. Red1 Nf6 24. Bd3 c6 25. Be2 Nxe4 26. Bd3 Nf6 27. Bc5
Nfd5 28. c4 bxc4 29. Bxc4 Rfe8 30. Bxe7 Nxe7 31. Bd3 Nd5 32. Rdc1 e4 33. Bc2
exf3 34. gxf3 Bxf3 35. Rab1 Re2 36. Bf5 Ra2 37. Rf1 Re5 38. Bd7 Rg5+ 39. Kh2
Rg2+ 40. Kh1 Rxf2+ 41. Kg1 Rxf1+ 42. Kxf1 Be4 43. Re1 Bd3+ 44. Kg1 Rxb2 45.
Bxc6 Nf4 46. Re3 Bf5 47. Re7 Nxh3+ 48. Kf1 Kh7 49. Rxf7 Bd3+ 50. Ke1 Re2+ 51.
Kd1 Nf2+ 52. Kc1 Rc2+ 53. Kb1 Rxc6+ 54. Kb2 Nd1+ 55. Kb3 Bc4+ 56. Kc2 Bxf7+ 57.
Kxd1 Re6 58. Kd2 g5 59. Kd3 g4 60. Kd4 g3 61. Kd5 g2 62. Kc4 g1=Q 63. Kd5 Qe3
64. Kc4 Rd6+ 65. Kb4 Qc1 66. Ka4 Rb6 67. Ka5 Qb1 68. Ka4 Qb4# 0-1

[Event "DEM U10 2012"]
[Site "Oberhof GER"]
[Date "2012.05.27"]
[Round "2"]
[White "Kirsten, Annika"]
[Black "Könze, Heike"]
[Result "0-1"]
[Termination "normal"]
[Board "26"]
[WhiteElo "957"]
[BlackElo "1172"]
[PlyCount "74"]
[WhiteFideId "12961124"]
[BlackFideId "12964476"]
[EventCountry "GER"]
[EventRounds "11"]
[EventType "swiss"]
[EventDate "2012.05.26"]

1. e4 d5 2. Nc3 d4 3. Nd5 e5 4. Bc4 c6 5. Nb4 Bxb4 6. Qf3 Nf6 7. Ne2 a5 8. c3
dxc3 9. dxc3 Bc5 10. O-O b5 11. Bb3 O-O 12. a3 a4 13. Ba2 Re8 14. Qg3 Nxe4 15.
Qf3 Nf6 16. Bg5 Be7 17. Qg3 Ne4 18. Qxe5 Bxg5 19. Rad1 Bd7 20. Qd4 Bf5 21. Qb4
Nd7 22. c4 Be6 23. Nd4 Qc7 24. Qc3 Nxc3 25. Nxe6 Rxe6 26. cxb5 Rh6 27. g3 Nxd1
28. Rxd1 Ne5 29. Re1 Nf3+ 30. Kf1 Nxe1 31. Kxe1 Re8+ 32. Kf1 Qd6 33. b6 Qd1+
34. Kg2 Re1 35. h4 Qe2 36. b7 Qe4+ 37. Kh2 Rh1# 0-1

[Event "DEM U10 2012"]
[Site "Oberhof GER"]
[Date "2012.05.27"]
[Round "2"]
[White "Faal, Marcel"]
[Black "Oganessjan, Artur"]
[Result "1-0"]
[Termination "normal"]
[Board "27"]
[WhiteElo "1169"]
[BlackElo "961"]
[PlyCount "83"]
[WhiteFideId "1271978"]
[BlackFideId "12986062"]
[EventCountry "GER"]
[EventRounds "11"]
[EventType "swiss"]
[EventDate "2012.05.26"]

1. e4 e5 2. Nf3 Nc6 3. Bc4 h6 4. Nc3 Nf6 5. O-O Nxe4 6. Nxe4 d5 7. Bxd5 Qxd5 8.
Nc3 Qd8 9. Re1 Bd6 10. d4 f6 11. dxe5 Nxe5 12. Bf4 Qe7 13. Qe2 Bg4 14. Bxe5
Bxe5 15. h3 Bxf3 16. Qxf3 c6 17. Qg4 O-O 18. f4 Bd4+ 19. Kh1 Qc7 20. Rad1 Bxc3
21. bxc3 Rfe8 22. Rxe8+ Rxe8 23. Rd7 Qxd7 24. Qxd7 Re2 25. Qxb7 Rxc2 26. Qb3+
Kh7 27. Qxc2+ Kg8 28. Qe4 c5 29. Qa8+ Kh7 30. Qxa7 Kg6 31. Qxc5 Kf7 32. a4 g5
33. fxg5 fxg5 34. a5 g4 35. hxg4 h5 36. a6 Ke6 37. a7 hxg4 38. a8=Q g3 39.
Qad5+ Kf6 40. Qcd6+ Kg7 41. Qb7+ Kg8 42. Qdb8# 1-0

[Event "DEM U10 2012"]
[Site "Oberhof GER"]
[Date "2012.05.27"]
[Round "2"]
[White "Kukulina, Sonja"]
[Black "Feil, Alexander"]
[Result "0-1"]
[Termination "normal"]
[Board "28"]
[WhiteElo "948"]
[BlackElo "1162"]
[PlyCount "112"]
[WhiteFideId "12977047"]
[BlackFideId "4002954"]
[EventCountry "GER"]
[EventRounds "11"]
[EventType "swiss"]
[EventDate "2012.05.26"]

1. c4 d5 2. cxd5 c6 3. dxc6 Nxc6 4. Nc3 e5 5. g3 Nf6 6. Bg2 Bc5 7. e3 Bf5 8.
Nge2 Nb4 9. O-O Bc2 10. Bxb7 Bxd1 11. Bxa8 Bxe2 12. Nxe2 Qxa8 13. b3 Qd8 14.
Rd1 Qd3 15. Nc3 O-O 16. a3 Nbd5 17. Bb2 Nxc3 18. dxc3 Qc2 19. Rab1 Qxb3 20.
Rdc1 Bxa3 21. Bxa3 Qxa3 22. c4 Ne4 23. Rc2 h6 24. Rb5 Rc8 25. Kg2 Qa4 26. Rcb2
a5 27. Rxe5 Qd1 28. Rbb5 Qa4 29. Rxe4 Rxc4 30. Re8+ Kh7 31. Rbb8 Qc6+ 32. Kh3
Qd7+ 33. Kg2 a4 34. Rh8+ Kg6 35. Rb6+ Rc6 36. Rb4 Rc8 37. Rxc8 Qxc8 38. Rg4+
Kh7 39. h4 a3 40. Rd4 a2 41. Rd1 Qc3 42. Kf3 a1=Q 43. Rxa1 Qxa1 44. Kg2 g5 45.
h5 Qa8+ 46. Kf1 Qf3 47. Kg1 Qxh5 48. Kg2 g4 49. Kf1 Kg6 50. Ke2 Qd5 51. Kf1 Kf5
52. Ke2 Ke4 53. Kf1 Kf3 54. Ke1 f5 55. e4 fxe4 56. Kf1 Qd1# 0-1

[Event "DEM U10 2012"]
[Site "Oberhof GER"]
[Date "2012.05.27"]
[Round "2"]
[White "Stirnberg, Noah"]
[Black "Pantsernaya, Sofya"]
[Result "1-0"]
[Termination "normal"]
[Board "29"]
[WhiteElo "1145"]
[BlackElo "953"]
[PlyCount "45"]
[WhiteFideId "16207742"]
[BlackFideId "12993182"]
[EventCountry "GER"]
[EventRounds "11"]
[EventType "swiss"]
[EventDate "2012.05.26"]

1. d4 Nf6 2. Bf4 d5 3. Nf3 Bf5 4. e3 e6 5. Bd3 Be4 6. Qe2 Bxd3 7. Qxd3 Be7 8.
Qb5+ Nc6 9. Qxb7 Na5 10. Qb5+ c6 11. Qd3 O-O 12. Nbd2 Qb6 13. Nb3 Nc4 14. Rb1
Ne4 15. Ne5 Qb5 16. Nxc4 dxc4 17. Qxe4 cxb3 18. axb3 Bb4+ 19. c3 Ba5 20. b4 Bb6
21. Qf3 Qd3 22. Rd1 Rac8 23. Rxd3 1-0

[Event "DEM U10 2012"]
[Site "Oberhof GER"]
[Date "2012.05.27"]
[Round "2"]
[White "Kobald, Jacqueline"]
[Black "Lindow, Max"]
[Result "1-0"]
[Termination "normal"]
[Board "30"]
[WhiteElo "926"]
[BlackElo "1128"]
[PlyCount "173"]
[WhiteFideId "12988162"]
[BlackFideId "16211057"]
[EventCountry "GER"]
[EventRounds "11"]
[EventType "swiss"]
[EventDate "2012.05.26"]

1. e4 e5 2. Nf3 Nf6 3. Bc4 Nc6 4. Ng5 d5 5. exd5 Nxd5 6. Nxf7 Qd7 7. Nxh8 b6 8.
Qf3 Nf6 9. O-O Bb7 10. Nf7 Na5 11. Qc3 Ne4 12. Qxe5+ Be7 13. Bb5 c6 14. Qxe4
cxb5 15. Qf4 Qc6 16. f3 g5 17. Nxg5 O-O-O 18. Ne4 Rg8 19. Qf5+ Kb8 20. d3 Bc8
21. Qh5 Qd7 22. Bf4+ Ka8 23. Nbc3 Bb7 24. Qxh7 Bc5+ 25. Nxc5 Qxh7 26. Nxb7 Nxb7
27. Nxb5 Qd7 28. a4 a6 29. Nc7+ Kb8 30. Nd5+ Nd6 31. Nf6 Rxg2+ 32. Kxg2 Qg7+
33. Ng4 Kc7 34. a5 b5 35. Rfe1 Kd7 36. c3 Nf7 37. Re2 Nh8 38. Rae1 Kc6 39. Kf2
Ng6 40. Bg3 b4 41. cxb4 Qd4+ 42. Kg2 Qxd3 43. f4 Qd5+ 44. Kg1 Qd4+ 45. Bf2 Qxf4
46. Re6+ Kb5 47. Rxg6 Qf5 48. Re5+ Qxe5 49. Nxe5 Kxb4 50. Bc5+ Kxc5 51. Nc4 Kb5
52. h4 Kb4 53. h5 Ka4 54. Nb6+ Kxa5 55. Nc8 Kb5 56. h6 a5 57. h7 a4 58. h8=R
Kb4 59. Rh2 Kb3 60. Kh1 Ka2 61. Ra6 Kb3 62. Rxa4 Kxa4 63. Rh7 Kb3 64. Rc7 Kb4
65. Kg1 Kb5 66. Kf1 Kb4 67. Ke2 Kb3 68. Kd2 Kb4 69. Rc1 Kb3 70. Rb1 Ka4 71. b3+
Kb4 72. Ne7 Ka5 73. b4+ Kb5 74. Ng6 Ka6 75. b5+ Kb6 76. Nh4 Ka7 77. b6+ Kb7 78.
Ng2 Ka8 79. b7+ Kb8 80. Nf4 Kc7 81. b8=R Kc6 82. Rd8 Kc7 83. Rd3 Kc6 84. Rc1+
Kb5 85. Rb3+ Ka4 86. Rb8 Ka3 87. Ra1# 1-0

[Event "DEM U10 2012"]
[Site "Oberhof GER"]
[Date "2012.05.27"]
[Round "2"]
[White "Huber, Benedikt"]
[Black "Bykov, Ilona"]
[Result "1-0"]
[Termination "normal"]
[Board "31"]
[WhiteElo "1121"]
[BlackElo "937"]
[PlyCount "119"]
[WhiteFideId "12923583"]
[BlackFideId "12964433"]
[EventCountry "GER"]
[EventRounds "11"]
[EventType "swiss"]
[EventDate "2012.05.26"]

1. c4 e5 2. g3 Nc6 3. Bg2 Bc5 4. Nc3 d6 5. e3 Nf6 6. a3 O-O 7. Nge2 Re8 8. O-O
e4 9. b4 Bb6 10. Qb3 Bf5 11. a4 a5 12. b5 Nb4 13. Ba3 Nd3 14. Nc1 Ng4 15. Nxd3
exd3 16. Bxb7 Rb8 17. Bg2 Qg5 18. h3 Ne5 19. f4 Nf3+ 20. Rxf3 Qf6 21. Kh2 c5
22. Rff1 Re6 23. Nd5 Qh6 24. Bb2 Bd8 25. Rae1 Qh5 26. e4 Bxh3 27. Qxd3 Rg6 28.
f5 Bxf5+ 29. Kg1 Be6 30. Nf4 Qg4 31. Nxg6 Qxg6 32. Qxd6 Rc8 33. Qd3 Bb6 34. Rc1
Rd8 35. Qe3 f6 36. e5 f5 37. Rc3 Rd7 38. Ba3 Rc7 39. Bc6 Qf7 40. Bxc5 Bxc5 41.
Qxc5 Bd7 42. Qb6 Be6 43. Qxa5 Rc8 44. d3 Qg6 45. Kg2 Qf7 46. Qb6 Rc7 47. a5 Qe7
48. a6 Bc8 49. c5 Qf7 50. Ra3 Ra7 51. Qd8+ Qf8 52. Qxf8+ Kxf8 53. Rf4 Bxa6 54.
Rxa6 Rc7 55. Rxf5+ Ke7 56. b6 Rc8 57. b7 Rb8 58. Ra8 Kd8 59. Rxb8+ Kc7 60. Rc8#
1-0

[Event "DEM U10 2012"]
[Site "Oberhof GER"]
[Date "2012.05.27"]
[Round "2"]
[White "Kurz, Annika"]
[Black "Baladjaev, Leyla"]
[Result "1-0"]
[Termination "normal"]
[Board "32"]
[WhiteElo "881"]
[BlackElo "1113"]
[PlyCount "107"]
[BlackFideId "12960217"]
[EventCountry "GER"]
[EventRounds "11"]
[EventType "swiss"]
[EventDate "2012.05.26"]

1. e4 c6 2. Nf3 d6 3. d4 Nd7 4. Bc4 h6 5. c3 e5 6. Qb3 Qe7 7. O-O Ngf6 8. Nh4
Nxe4 9. Nf5 Qf6 10. Ne3 Be7 11. d5 Ndc5 12. Qb4 a5 13. Qa3 b6 14. dxc6 O-O 15.
Nd5 Qe6 16. Nc7 Qxc4 17. Nxa8 Nd3 18. Nxb6 Qxc6 19. Be3 Bb7 20. Qxa5 Nd2 21. f3
Nxf1 22. Kxf1 Nxb2 23. Qb4 Nd3 24. Qg4 g5 25. Qh5 Nf4 26. Qxh6 Nxg2 27. Bxg5
Qxf3+ 28. Kg1 Qe3+ 29. Bxe3 Nxe3 30. Nd7 Nc2 31. Nxf8 Bxf8 32. Qg5+ Bg7 33.
Qd8+ Bf8 34. Nd2 Nxa1 35. Nc4 d5 36. Nxe5 Nc2 37. Nd7 d4 38. Qxf8+ Kh7 39.
Qxf7+ Kh6 40. a4 dxc3 41. Qb3 Nd4 42. Qxb7 c2 43. Qc7 Ne2+ 44. Kf2 c1=Q 45.
Qxc1+ Nxc1 46. a5 Nb3 47. a6 Na5 48. a7 Nc4 49. a8=Q Nd6 50. Qc6 Kg5 51. Qxd6
Kf5 52. Qe5+ Kg4 53. Nf6+ Kh4 54. Qh5# 1-0

[Event "DEM U10 2012"]
[Site "Oberhof GER"]
[Date "2012.05.27"]
[Round "2"]
[White "Schmidtmann, Samantha"]
[Black "Gauchel, Verena"]
[Result "1-0"]
[Termination "normal"]
[Board "33"]
[WhiteElo "1109"]
[BlackElo "911"]
[PlyCount "83"]
[WhiteFideId "12956759"]
[BlackFideId "12988537"]
[EventCountry "GER"]
[EventRounds "11"]
[EventType "swiss"]
[EventDate "2012.05.26"]

1. e4 g6 2. d4 Bg7 3. Nf3 d6 4. Bd3 Nf6 5. Bg5 O-O 6. Nc3 Bg4 7. O-O Nc6 8. h3
Bxf3 9. Qxf3 Nxd4 10. Qe3 Nc6 11. f4 Qd7 12. f5 Ng4 13. Qd2 Bd4+ 14. Kh1 Nge5
15. Bh6 Rfe8 16. Rab1 e6 17. Bg5 d5 18. Nb5 Bb6 19. Bf6 Bc5 20. fxg6 Nxg6 21.
Qh6 Bf8 22. Qg5 h6 23. Qg3 Bd6 24. Nxd6 Qxd6 25. e5 Ncxe5 26. Bxe5 Qxe5 27. Qg4
Qg5 28. Bxg6 Qxg6 29. Qe2 e5 30. Qd2 Rad8 31. Rf3 e4 32. Rf4 e3 33. Qe2 Qa6 34.
Qg4+ Qg6 35. Qe2 Qd6 36. Qg4+ Kf8 37. Rbf1 Re7 38. Qf3 Rdd7 39. Qd1 e2 40. Qd4
exf1=Q+ 41. Rxf1 c5 42. Qh8# 1-0

[Event "DEM U10 2012"]
[Site "Oberhof GER"]
[Date "2012.05.27"]
[Round "2"]
[White "Grey, Andrea"]
[Black "Brehm, Mirja"]
[Result "0-1"]
[Termination "normal"]
[Board "34"]
[WhiteElo "855"]
[BlackElo "1097"]
[PlyCount "122"]
[WhiteFideId "12971880"]
[EventCountry "GER"]
[EventRounds "11"]
[EventType "swiss"]
[EventDate "2012.05.26"]

1. e4 e5 2. Nf3 Nc6 3. Bb5 d6 4. d4 a6 5. Ba4 Bd7 6. Nc3 Nf6 7. d5 Ne7 8. Bxd7+
Qxd7 9. Bg5 h6 10. Be3 c6 11. Qd2 cxd5 12. exd5 e4 13. Ng1 Qf5 14. O-O-O Ng6
15. f3 exf3 16. Nxf3 Ne4 17. Qd3 Nf4 18. Qxe4+ Qxe4 19. Nxe4 Nxg2 20. Bd2 Be7
21. Rhg1 Nh4 22. Nxh4 Bxh4 23. Nxd6+ Kf8 24. Nxb7 Rb8 25. Nc5 Ra8 26. Be1 Bg5+
27. Bd2 Bh4 28. Bc3 Bg5+ 29. Kb1 Rg8 30. d6 Be3 31. Rge1 Bxc5 32. d7 Be7 33. a3
f6 34. Bb4 Bxb4 35. axb4 Rd8 36. Ka2 g5 37. Re8+ Rxe8 38. d8=Q Rxd8 39. Rxd8+
Kf7 40. Rxg8 Kxg8 41. c4 Kf7 42. b5 axb5 43. cxb5 Ke7 44. Kb3 Kd7 45. Kc4 Kc7
46. Kd5 f5 47. Ke5 f4 48. Ke4 h5 49. h4 g4 50. Kxf4 Kb6 51. b3 Kxb5 52. b4 Kxb4
53. Kg3 Kc3 54. Kf4 Kd4 55. Kg3 Ke3 56. Kh2 Kf3 57. Kh1 Kf2 58. Kh2 g3+ 59. Kh3
g2 60. Kh2 g1=Q+ 61. Kh3 Qg3# 0-1

[Event "DEM U10 2012"]
[Site "Oberhof GER"]
[Date "2012.05.27"]
[Round "2"]
[White "Bierfreund, Trine"]
[Black "Giss, Alexander"]
[Result "0-1"]
[Termination "normal"]
[Board "35"]
[WhiteElo "1083"]
[BlackElo "877"]
[PlyCount "82"]
[WhiteFideId "12957372"]
[BlackFideId "16260414"]
[EventCountry "GER"]
[EventRounds "11"]
[EventType "swiss"]
[EventDate "2012.05.26"]

1. d4 d5 2. c4 Nf6 3. Nc3 e6 4. e3 Nc6 5. Bd3 Bd6 6. f4 Bd7 7. e4 Bb4 8. e5 Ne4
9. Bxe4 dxe4 10. Be3 Ne7 11. Nge2 O-O 12. a3 Bxc3+ 13. Nxc3 Bc6 14. g4 g6 15.
Rg1 a6 16. h4 Nc8 17. h5 Nb6 18. Qe2 Qh4+ 19. Bf2 Qh3 20. O-O-O Na4 21. Nxa4
Bxa4 22. Rde1 Qb3 23. Kb1 b5 24. Rg3 Qxc4 25. Qxc4 bxc4 26. Rxe4 Bc6 27. Ree3
Bd5 28. Rc3 Rab8 29. f5 g5 30. h6 Rb7 31. Be3 Rfb8 32. Kc1 Rxb2 33. Kd1 Rh2 34.
Bxg5 Rbb2 35. Rg1 Bf3+ 36. Ke1 Rbf2 37. Be3 Re2+ 38. Kd1 Rxe3+ 39. Kc1 Rxc3+
40. Kb1 Be4+ 41. Ka1 Rxa3# 0-1

[Event "DEM U10 2012"]
[Site "Oberhof GER"]
[Date "2012.05.27"]
[Round "2"]
[White "Silber, Fabian"]
[Black "Schulze, Nick"]
[Result "1-0"]
[Termination "normal"]
[Board "36"]
[WhiteElo "838"]
[BlackElo "1072"]
[PlyCount "35"]
[WhiteFideId "12947288"]
[BlackFideId "12971847"]
[EventCountry "GER"]
[EventRounds "11"]
[EventType "swiss"]
[EventDate "2012.05.26"]

1. e4 c5 2. Nf3 Nf6 3. Nc3 Nc6 4. Bc4 e6 5. d3 d5 6. Bb5 Bd7 7. e5 d4 8. Na4
Nd5 9. O-O a6 10. Bxc6 Bxc6 11. b3 Bxa4 12. bxa4 Nc3 13. Qe1 Nxa4 14. Qe4 b5
15. Qc6+ Ke7 16. Ng5 h6 17. Qb7+ Ke8 18. Qxf7# 1-0

[Event "DEM U10 2012"]
[Site "Oberhof GER"]
[Date "2012.05.27"]
[Round "2"]
[White "Petrow, Jonas"]
[Black "Schmiederer, Luisa"]
[Result "1-0"]
[Termination "normal"]
[Board "37"]
[WhiteElo "1067"]
[BlackElo "850"]
[PlyCount "33"]
[WhiteFideId "12991805"]
[EventCountry "GER"]
[EventRounds "11"]
[EventType "swiss"]
[EventDate "2012.05.26"]

1. e4 e5 2. d4 Nc6 3. d5 Nd4 4. c3 Ne6 5. dxe6 fxe6 6. Nf3 d6 7. Bd3 Nf6 8. O-O
d5 9. Nxe5 dxe4 10. Bc4 Bd6 11. Ng4 e5 12. Nxf6+ gxf6 13. Qh5+ Kd7 14. Qf7+ Kc6
15. Be3 Rg8 16. a4 b6 17. Bd5# 1-0

[Event "DEM U10 2012"]
[Site "Oberhof GER"]
[Date "2012.05.27"]
[Round "2"]
[White "Mönster, Madita"]
[Black "Weiten, Teresa"]
[Result "1-0"]
[Termination "normal"]
[Board "38"]
[WhiteElo "1025"]
[BlackElo "834"]
[PlyCount "53"]
[WhiteFideId "12947156"]
[BlackFideId "12971944"]
[EventCountry "GER"]
[EventRounds "11"]
[EventType "swiss"]
[EventDate "2012.05.26"]

1. e4 e5 2. Nf3 Nc6 3. Nc3 Nf6 4. Bb5 a6 5. Bxc6 bxc6 6. Nxe5 Bc5 7. O-O d5 8.
Nxc6 Qd6 9. e5 Qxc6 10. exf6 Qxf6 11. Nxd5 Qd6 12. Qf3 O-O 13. Ne7+ Qxe7 14.
Qxa8 Qf6 15. Qd5 Bd6 16. d3 Be6 17. Qf3 Qh4 18. h3 Qd4 19. c3 Qe5 20. g3 Bxh3
21. Rd1 Re8 22. Bf4 Qf6 23. Re1 Rxe1+ 24. Rxe1 g6 25. Re8+ Kg7 26. Bh6+ Kxh6
27. Qxf6 1-0

[Event "DEM U10 2012"]
[Site "Oberhof GER"]
[Date "2012.05.27"]
[Round "2"]
[White "Schönweiler, Elisabeth"]
[Black "Haag, Lea"]
[Result "0-1"]
[Termination "normal"]
[Board "39"]
[WhiteElo "832"]
[BlackElo "1011"]
[PlyCount "102"]
[WhiteFideId "12997005"]
[EventCountry "GER"]
[EventRounds "11"]
[EventType "swiss"]
[EventDate "2012.05.26"]

1. e4 e5 2. Nf3 Nc6 3. Bc4 Be7 4. Nc3 Nf6 5. d3 d6 6. h3 Be6 7. Bb3 O-O 8. Bg5
Nxe4 9. Bxe7 Nxc3 10. Bxd8 Nxd1 11. Rxd1 Raxd8 12. O-O Bxb3 13. axb3 Rfe8 14.
Rfe1 Nd4 15. Nxd4 exd4 16. Rxe8+ Rxe8 17. Ra1 a6 18. Ra4 c5 19. b4 Rc8 20. c3
dxc3 21. bxc3 cxb4 22. Rxb4 Rc7 23. Re4 Kf8 24. c4 Re7 25. Kf1 Rxe4 26. dxe4
Ke7 27. Ke1 Ke6 28. Kd2 Ke5 29. Kd3 b5 30. f3 bxc4+ 31. Kxc4 a5 32. Kb5 d5 33.
exd5 Kxd5 34. Kxa5 Kd4 35. Kb6 Ke3 36. Kc6 Kf2 37. Kd6 Kxg2 38. Ke7 Kxh3 39.
Kxf7 h5 40. Kxg7 h4 41. f4 Kg4 42. f5 Kxf5 43. Kh6 h3 44. Kg7 h2 45. Kf7 h1=Q
46. Ke7 Qc6 47. Kf7 Qf6+ 48. Ke8 Qg7 49. Kd8 Qb7 50. Ke8 Ke6 51. Kf8 Qf7# 0-1

[Event "DEM U10 2012"]
[Site "Oberhof GER"]
[Date "2012.05.27"]
[Round "2"]
[White "Gazizov, Max"]
[Black "Hartmann, Jasmin"]
[Result "1-0"]
[Termination "normal"]
[Board "40"]
[WhiteElo "1009"]
[BlackElo "832"]
[PlyCount "87"]
[WhiteFideId "12951323"]
[BlackFideId "12988898"]
[EventCountry "GER"]
[EventRounds "11"]
[EventType "swiss"]
[EventDate "2012.05.26"]

1. e4 d5 2. exd5 Qxd5 3. Nc3 Qd8 4. d4 Bf5 5. Bd3 Bxd3 6. Qxd3 e6 7. Nf3 h6 8.
Bf4 Bd6 9. Bxd6 Qxd6 10. O-O Nc6 11. Rad1 O-O-O 12. Ne5 Nxe5 13. dxe5 Qxd3 14.
Rxd3 Rxd3 15. cxd3 f6 16. Re1 fxe5 17. Rxe5 Nf6 18. Rxe6 Kd7 19. Re1 Re8 20.
Rxe8 Kxe8 21. f3 Kd7 22. Kf2 Kc6 23. d4 g6 24. g4 g5 25. Kg3 Nd5 26. h4 Nxc3
27. bxc3 Kd5 28. f4 Ke6 29. hxg5 hxg5 30. fxg5 Kf7 31. Kf4 Kg6 32. Ke5 Kf7 33.
g6+ Kxg6 34. Ke6 c6 35. c4 Kg5 36. d5 Kg6 37. d6 Kg7 38. d7 b5 39. cxb5 cxb5
40. d8=Q a6 41. Qf6+ Kg8 42. Qe7 a5 43. Kf6 Kh8 44. Qg7# 1-0

[Event "DEM U10 2012"]
[Site "Oberhof GER"]
[Date "2012.05.27"]
[Round "2"]
[White "Ewerhardy, Moritz"]
[Black "Von Jan, Lena"]
[Result "1/2-1/2"]
[Termination "normal"]
[Board "41"]
[WhiteElo "832"]
[BlackElo "1003"]
[PlyCount "191"]
[WhiteFideId "36052086"]
[BlackFideId "12946060"]
[EventCountry "GER"]
[EventRounds "11"]
[EventType "swiss"]
[EventDate "2012.05.26"]

1. d4 d5 2. Bf4 Nc6 3. e3 Bf5 4. Nd2 Nf6 5. Be2 e6 6. c3 Bd6 7. Bg3 Ne4 8. f3
Nxg3 9. hxg3 Bxg3+ 10. Kf1 Qg5 11. f4 Qf6 12. Ndf3 O-O-O 13. Ng5 h6 14. N5f3 g5
15. Qd2 Be4 16. Rh3 gxf4 17. Bd3 fxe3 18. Qxe3 Bf4 19. Qe2 Bf5 20. Rh1 Rdg8 21.
Nh4 Bxd3 22. Qxd3 Bg3+ 23. Ngf3 Bxh4 24. Rxh4 Qg6 25. Qe2 Qf5 26. b4 Rg4 27.
Rxg4 Qxg4 28. b5 Ne7 29. a4 c6 30. Qf2 Qf4 31. Qe2 h5 32. a5 h4 33. b6 a6 34.
Rc1 Qxc1+ 35. Kf2 Qxc3 36. Qe5 Qc2+ 37. Kg1 Kd8 38. Qxh8+ Ng8 39. Qxg8+ Ke7 40.
Qg5+ Ke8 41. Qg8+ Ke7 42. Ne5 Qf5 43. Kh1 Qf1+ 44. Kh2 Qf4+ 45. Kg1 Qxd4+ 46.
Kh1 Qxe5 47. Qc8 Qe1+ 48. Kh2 Qg3+ 49. Kh1 h3 50. gxh3 Qxh3+ 51. Kg1 Qg3+ 52.
Kf1 Qf3+ 53. Kg1 Qd1+ 54. Kg2 Qd2+ 55. Kg1 Qxa5 56. Qxb7+ Kd6 57. Qb8+ Kc5 58.
Qa7 Qxb6 59. Qxf7 Qb1+ 60. Kf2 Qb2+ 61. Kf1 Kd6 62. Qf8+ Kd7 63. Qf7+ Kd8 64.
Qf8+ Kc7 65. Qf4+ e5 66. Qf7+ Kb8 67. Qf8+ Ka7 68. Qe7+ Qb7 69. Qc5+ Qb6 70.
Qe7+ Ka8 71. Qe8+ Kb7 72. Qe7+ Kc8 73. Qe8+ Qd8 74. Qe6+ Qd7 75. Qg8+ Kc7 76.
Ke1 Qe7 77. Qg3 Qb4+ 78. Kf1 Qc4+ 79. Ke1 Qc1+ 80. Ke2 Qc2+ 81. Ke1 Qe4+ 82.
Kd1 Qd4+ 83. Ke1 Qa1+ 84. Ke2 Qb2+ 85. Ke1 Qc1+ 86. Ke2 Qc2+ 87. Ke1 Qe4+ 88.
Kd1 Qb1+ 89. Kd2 Qb4+ 90. Kd1 Qd4+ 91. Ke1 Qe4+ 92. Kd1 Qa4+ 93. Ke1 Qb4+ 94.
Kd1 Qd4+ 95. Ke1 Qe4+ 96. Kd1 1/2-1/2